| 000 | 00363nam a2200133Ia 4500 | ||
|---|---|---|---|
| 008 | 220204s9999 xx 000 0 und d | ||
| 082 |
_aNR:62:678.023 _bEVA;1 |
||
| 100 | _aEvans, Colin W | ||
| 245 | 0 | _aPractical rubber compounding and processing | |
| 260 |
_aLondon _bApplied _c1981 |
||
| 650 | _aRubber compounding | ||
| 650 | _aRubber ingredients | ||
| 942 | _cBK | ||
| 999 |
_c36723 _d36723 |
||